La Iliada

محفوظ في:
التفاصيل البيبلوغرافية
المؤلف الرئيسي: Homero (autor)
التنسيق: كتاب
اللغة:الإسبانية
منشور في: Ciudad de México Porrúa 1997
الطبعة:27a. ed
سلاسل:Colección Sepan Cuantos..., 2
الموضوعات:
الوسوم: إضافة وسم
لا توجد وسوم, كن أول من يضع وسما على هذه التسجيلة!

MARC

LEADER 00000nam a2200000 a 4500
001 UCP1710
003 CL-VaPUC
008 990426e19970000MX |||||||||||||||||spa|d
082 0 4 |a 883  |b HOM  |2 21 
100 |a Homero   |e autor  |9 265577 
245 1 3 |a La Iliada 
250 |a 27a. ed 
300 |a 267 p 
942 |c BK 
945 |d 19990426 00:00:00  |a rbrito 
260 |a Ciudad de México  |b Porrúa  |c 1997 
650 7 |a POESIA EPICA GRIEGA  |2 CL-VaPUC  |9 265215 
583 |a last modification  |c 19990426 00:00:00  |k Rodrigo Vera 
490 0 |a Colección Sepan Cuantos..., 2 
999 |c 280365  |d 280363 
952 |0 0  |1 0  |4 0  |6 883_000000000000000_HOM_1997  |7 0  |8 A  |9 320635  |a BIBART  |b BIBART  |d 2019-11-20  |i 351952K  |o 883 HOM 1997  |p 351952K  |r 2025-03-13  |w 2019-11-20  |y BK  |k ART 
952 |0 0  |1 0  |4 0  |6 883_000000000000000_HOM_1997  |7 0  |8 A  |9 320636  |a BIBART  |b BIBART  |d 2019-11-20  |i 3519538  |o 883 HOM 1997  |p 3519538  |r 2025-03-13  |w 2019-11-20  |y BK  |k ART 
952 |0 0  |1 0  |4 0  |6 883_000000000000000_HOM_1997  |7 0  |8 A  |9 320637  |a BIBART  |b BIBART  |d 2019-11-20  |i 3519546  |l 1  |o 883 HOM 1997  |p 3519546  |r 2025-03-13  |s 2022-03-09  |w 2019-11-20  |y BK  |k ART